00503nam a2200145 a 4500008004100000020001800041050001300059100001800072245009200090260004800182300003200230350001100262650004200273650004200315200622s2019 ||||||||||||||||| || u a9781107194946 aHB 72 Ng aNg, Yew-Kwang10aMarkets and morals justifying kidney sales and legalizing prostitutioncBy Yew-Kwang Ng aCambridgebCambridge University Pressc2019 ax, 209 pages: illustrations a128.30 aECONOMICS--MORALS AND ETHICAL ASPECTS aCAPITALISM--MORAL AND ETHICAL ASPECTS